Online katalóg knižníc regiónu Turca

Abeceda (Record no. 21247)

MARC details
000 -LEADER
fixed length control field 02157cam a2200589 4500
001 - CONTROL NUMBER
control field 21247
003 - CONTROL NUMBER IDENTIFIER
control field VRT
005 - DATE AND TIME OF LATEST TRANSACTION
control field 20260225145203.0
008 - FIXED-LENGTH DATA ELEMENTS--GENERAL INFORMATION
fixed length control field 200228s2018 xo f br 000 p slo
015 ## - NATIONAL BIBLIOGRAPHY NUMBER
National bibliography number SNBA2019/02
020 ## - INTERNATIONAL STANDARD BOOK NUMBER
International Standard Book Number 9788081428180
Qualifying information (viazané)
035 ## - SYSTEM CONTROL NUMBER
System control number urn:nbn:sk:snk-am00dbt5
035 ## - SYSTEM CONTROL NUMBER
System control number urn:nbn:sk:snk-am3hwu3
035 ## - SYSTEM CONTROL NUMBER
System control number BDDB7D06-40ED-4B17-9397-6AC5A500A99E
038 ## - RECORD CONTENT LICENSOR
Record content licensor PPPK
039 #9 - LEVEL OF BIBLIOGRAPHIC CONTROL AND CODING DETAIL [OBSOLETE]
Level of rules in bibliographic description 202301121538
Level of effort used to assign nonsubject heading access points AUTHORITY
Level of effort used to assign subject headings 202002281423
Level of effort used to assign classification VLOAD
Level of effort used to assign subject headings 201904150840
Level of effort used to assign classification AUTHORITY
Level of effort used to assign subject headings 201902251458
Level of effort used to assign classification msnk21
040 ## - CATALOGING SOURCE
Original cataloging agency PPPK
Language of cataloging slo
Transcribing agency PPPK
Modifying agency SNK
Description conventions rda
041 0# - LANGUAGE CODE
Language code of text/sound track or separate title slo
044 ## - COUNTRY OF PUBLISHING/PRODUCING ENTITY CODE
MARC country code xo
ISO country code SK
072 #7 - SUBJECT CATEGORY CODE
Subject category code 821.162.4-1
Subject category code subdivision Slovenská poézia
Source konspekt
072 #7 - SUBJECT CATEGORY CODE
Subject category code 821-93
Subject category code subdivision Literatúra pre deti a mládež (beletria)
Source konspekt
080 ## - UNIVERSAL DECIMAL CLASSIFICATION NUMBER
Universal Decimal Classification number 821.162.4-1
Edition identifier 2011
080 ## - UNIVERSAL DECIMAL CLASSIFICATION NUMBER
Universal Decimal Classification number 82-1-053.2
Edition identifier 2011
080 ## - UNIVERSAL DECIMAL CLASSIFICATION NUMBER
Universal Decimal Classification number 82-93-053.2
Edition identifier 2011
100 1# - MAIN ENTRY--PERSONAL NAME
Personal name Hubočanová, Emília
Relationship aut
245 10 - TITLE STATEMENT
Title Abeceda
Remainder of title v básničkách hľadaj mená
Statement of responsibility, etc. Emília Hubočanová ; ilustrácie Jakub Cenkl
246 30 - VARYING FORM OF TITLE
Title proper/short title V básničkách hľadaj mená
250 ## - EDITION STATEMENT
Edition statement Prvé vydanie
264 #1 - PRODUCTION, PUBLICATION, DISTRIBUTION, MANUFACTURE, AND COPYRIGHT NOTICE
Place of production, publication, distribution, manufacture Bratislava
Name of producer, publisher, distributor, manufacturer Fortuna Libri
Date of production, publication, distribution, manufacture, or copyright notice 2018
300 ## - PHYSICAL DESCRIPTION
Extent 48 nečíslovaných strán
Other physical details farebné ilustrácie
Dimensions 24 cm
336 ## - CONTENT TYPE
Content type term text
Content type code txt
Source rdacontent
336 ## - CONTENT TYPE
Content type term statický obraz
Content type code sti
Source rdacontent
337 ## - MEDIA TYPE
Media type term bez média
Media type code nc
Source rdamedia
338 ## - CARRIER TYPE
Carrier type term zväzok
Carrier type code nc
Source rdacarrier
490 1# - SERIES STATEMENT
Series statement Fortuna Junior
655 #7 - INDEX TERM--GENRE/FORM
Genre/form data or focus term slovenská poézia
Source of term SNKPH
655 #7 - INDEX TERM--GENRE/FORM
Genre/form data or focus term poézia pre deti
Source of term SNKPH
655 #7 - INDEX TERM--GENRE/FORM
Genre/form data or focus term publikácie pre deti
Source of term SNKPH
655 #7 - INDEX TERM--GENRE/FORM
Genre/form data or focus term Slovak poetry
Source of term SNKPHeng
655 #7 - INDEX TERM--GENRE/FORM
Genre/form data or focus term Children's poetry
Source of term SNKPHeng
655 #7 - INDEX TERM--GENRE/FORM
Genre/form data or focus term Children’s literature
Source of term SNKPHeng
700 1# - ADDED ENTRY--PERSONAL NAME
Personal name Cenkl, Jakub,
Dates associated with a name 1982-
Relationship ill
830 #0 - SERIES ADDED ENTRY--UNIFORM TITLE
Uniform title Fortuna Junior
942 ## - ADDED ENTRY ELEMENTS (KOHA)
Source of classification or shelving scheme Dewey Decimal Classification
Koha item type Krásna literatúra pre deti
Suppress in OPAC No
949 ## - LOCAL PROCESSING INFORMATION (OCLC)
6 270001000600124
a svkbbB 59250
b svkbbm 781130
949 ## - LOCAL PROCESSING INFORMATION (OCLC)
6 273K0640599
a svkpoB 106905
b svkpo635048
949 ## - LOCAL PROCESSING INFORMATION (OCLC)
6 2889344763
a savukPV 27691
b savuk2019/635
949 ## - LOCAL PROCESSING INFORMATION (OCLC)
6 17A1359875
a snkSC 182897
b snk2019/4471
o 181/19
s 6100:20190305
949 ## - LOCAL PROCESSING INFORMATION (OCLC)
6 17A1359876
a snkSC 182897 D1
b snk2019/4472
o 181/19
Holdings
Stav vyradenia Strata Poškodenie Spôsob nadobudnutia Domovská knižnica Aktuálna knižnica Dátum nadobudnutia Total checkouts Čiarový kód exemplára Date last seen Typ exemplára
      Dar Obecná knižnica Turčianska Štiavnička Obecná knižnica Turčianska Štiavnička 25.02.2026   4738000023 25.02.2026 Krásna literatúra pre deti
Projekt je podporený Slovenskou asociáciou knižníc
Prevádzkuje Turčianska knižnica Martin 2026